<?xml version="1.0" encoding="UTF-8"?>
<record
    xmlns:xsi="http://www.w3.org/2001/XMLSchema-instance"
    xsi:schemaLocation="http://www.loc.gov/MARC21/slim http://www.loc.gov/standards/marcxml/schema/MARC21slim.xsd"
    xmlns="http://www.loc.gov/MARC21/slim">

  <leader>00506nam a22001577a 4500</leader>
  <controlfield tag="005">20151210093505.0</controlfield>
  <controlfield tag="008">151210b        xxu||||| |||| 00| 0 eng d</controlfield>
  <datafield tag="020" ind1=" " ind2=" ">
    <subfield code="a">9789698544309</subfield>
  </datafield>
  <datafield tag="040" ind1=" " ind2=" ">
    <subfield code="c">PK-LaUMT</subfield>
  </datafield>
  <datafield tag="082" ind1=" " ind2=" ">
    <subfield code="a">MSC 394.2295491</subfield>
    <subfield code="b">AFT-G</subfield>
  </datafield>
  <datafield tag="100" ind1=" " ind2=" ">
    <subfield code="a">&#x622;&#x641;&#x62A;&#x627;&#x628; &#x627;&#x62D;&#x645;&#x62F;</subfield>
  </datafield>
  <datafield tag="245" ind1=" " ind2=" ">
    <subfield code="a">&#x62C;&#x646;&#x631;&#x644; &#x6A9;&#x6D2; &#x642;&#x644;&#x639;&#x6D2; &#x633;&#x6D2; &#x645;&#x644;&#x6A9;&#x6C1; &#x6A9;&#x6CC; &#x62C;&#x6CC;&#x644; &#x645;&#x6CC;&#x6BA; </subfield>
    <subfield code="b">&#x633;&#x633;&#x62A;&#x627; &#x627;&#x648;&#x631; &#x641;&#x648;&#x631;&#x6CC; &#x627;&#x646;&#x635;&#x627;&#x641;</subfield>
    <subfield code="c">&#x622;&#x641;&#x62A;&#x627;&#x628; &#x627;&#x62D;&#x645;&#x62F;</subfield>
  </datafield>
  <datafield tag="260" ind1=" " ind2=" ">
    <subfield code="a">&#x644;&#x627;&#x6C1;&#x648;&#x631;</subfield>
    <subfield code="b">&#x62C;&#x645;&#x6C1;&#x648;&#x631;&#x6CC; &#x67E;&#x628;&#x644;&#x6CC;&#x6A9;&#x6CC;&#x634;&#x646;&#x632;</subfield>
    <subfield code="c">2007</subfield>
  </datafield>
  <datafield tag="300" ind1=" " ind2=" ">
    <subfield code="a">198 &#x635;</subfield>
  </datafield>
  <datafield tag="942" ind1=" " ind2=" ">
    <subfield code="c">BK</subfield>
  </datafield>
  <datafield tag="999" ind1=" " ind2=" ">
    <subfield code="c">80839</subfield>
    <subfield code="d">80839</subfield>
  </datafield>
  <datafield tag="952" ind1=" " ind2=" ">
    <subfield code="0">0</subfield>
    <subfield code="1">0</subfield>
    <subfield code="4">0</subfield>
    <subfield code="7">0</subfield>
    <subfield code="a">01</subfield>
    <subfield code="b">01</subfield>
    <subfield code="d">2015-12-10</subfield>
    <subfield code="l">0</subfield>
    <subfield code="o">MSC 394.2295491 AFT-G</subfield>
    <subfield code="p">95141</subfield>
    <subfield code="r">2017-02-02 00:00:00</subfield>
    <subfield code="w">2015-12-10</subfield>
    <subfield code="y">BK</subfield>
  </datafield>
</record>
